000 00344nam a22001577a 4500
003 SGT
020 _a81-239-0407-X
082 _a615.4, H15P
100 _aPARMAR, N.S.
245 _aHEALTH EDUCATION & COMMUNITY PHARMACY
250 _a1ST
260 _aDELHI
_bCBS
_c2015
300 _a308
650 _aHEALTH EDUCATION
942 _2ddc
_cBK
_045
999 _c8151
_d8151